Countries of Asia by 3 Letters - Map Quiz - Statistics

General Stats
  • This quiz has been taken 70 times
  • The average score is 21 of 48
Answers on the Map
Answers color-coded by a green-red scale on the quiz's map according to % correct below.
 
Answer Stats
Answer % Correct
RAN
71%
RAQ
71%
NDI
69%
HIN
67%
ZAK
65%
AKI
61%
MAN
61%
GOL
59%
PAL
57%
APA
53%
EME
53%
YRI
53%
AOS
51%
RKE
51%
BEK
49%
EOR
49%
NIA
47%
ORD
45%
AYS
43%
DON
43%
HUT
43%
MAR
43%
RKM
43%
RUS
43%
YZS
43%
SRA
41%
TAR
41%
WAI
41%
HAN
39%
IWA
39%
JIK
39%
ORT
39%
OUT
39%
UDI
39%
HIL
37%
ANK
35%
BOD
35%
IVE
33%
AND
31%
ETN
31%
NON
31%
ERB
29%
HRA
25%
ING
24%
LAD
22%
IMO
20%
RUN
18%
MIR
16%
No matching quizzes found
Score Distribution
Percent of People with Each Score
Percentile by Number Answered
Your Score History
You have not taken this quiz